000 00257nam a2200097Ia 4500
001 1194149
005 20250827021724.0
008 250824s9999 xx 000 0 und d
245 0 _aBİR HİKAYENİN HİKAYESİ
_cDEBORAH HOPKİNSON
260 _bALTIN KİTAPLAR
999 _c1194149
_d1194149